Historia de la pediatría dominicana. (Registro nro. 48121)
[ vista simple ]
| 000 -CABECERA | |
|---|---|
| campo de control de longitud fija | 00331nam a2200121 a 4500 |
| 005 - FECHA Y HORA DE LA ÚLTIMA TRANSACCIÓN | |
| campo de control | 20240228133748.0 |
| 008 - DATOS DE LONGITUD FIJA--INFORMACIÓN GENERAL | |
| campo de control de longitud fija | 190404s2013 000 spa d |
| 020 ## - NÚMERO INTERNACIONAL ESTÁNDAR DEL LIBRO | |
| Número Internacional Estándar del Libro | 9789945454444 |
| 040 ## - FUENTE DE LA CATALOGACIÓN | |
| Centro catalogador/agencia de origen | DO-SdBNP |
| 100 1# - ENTRADA PRINCIPAL--NOMBRE DE PERSONA | |
| Nombre de persona | Castro Ventura, Santiago |
| 9 (RLIN) | 1837 |
| 245 #0 - MENCIÓN DE TÍTULO | |
| Título | Historia de la pediatría dominicana. |
| 260 ## - PUBLICACIÓN, DISTRIBUCIÓN, ETC. | |
| Lugar de publicación, distribución, etc. | Santo Domingo, |
| Fecha de publicación, distribución, etc. | 2013. |
No hay ítems disponibles.
